[Event "I EDAMI-Cosmocaixa"]
[Site "Barcelona ESP"]
[Date "2008.09.13"]
[Round "8"]
[White "Gonzalez Garcia,J2"]
[Black "Moskalenko,V"]
[Result "1-0"]
[WhiteElo "2506"]
[BlackElo "2569"]

1.Nf3 d5 2.c4 d4 3.g3 g6 4.Bg2 Bg7 5.d3 e5 6.O-O Ne7 7.b4 O-O 8.Nbd2 Nd7
9.a4 Rb8 10.b5 c5 11.bxc6 bxc6 12.Ne4 Qc7 13.e3 dxe3 14.Bxe3 Nf5 15.Bd2 Nd6
16.Nxd6 Qxd6 17.Bc3 Rd8 18.Qe1 Re8 19.Rd1 Bb7 20.Qe3 c5 21.Rb1 Bc6 22.Nd2 f5
23.Bxc6 Qxc6 24.Qf3 Qxf3 25.Nxf3 Rb6 26.Rxb6 axb6 27.Re1 h6 28.a5 bxa5 29.Bxa5 g5
30.h3 Kf7 31.Kg2 Re6 32.Bc7 e4 33.dxe4 fxe4 34.Nd2 Bc3 35.Re2 Nf6 36.Bd8 Rd6
37.Bxf6 Rxd2 38.Rxd2 Bxd2 39.Bb2 h5 40.f3 exf3+ 41.Kxf3 Ke6 42.Ke4 g4 43.hxg4 hxg4
44.Ba3 Bb4 45.Bc1 Ba5 46.Kf4 Bd8 47.Bb2 Kf7 48.Kxg4 Kg6 49.Kf3 Kf5 50.g4+ Kg5
51.Bc1+ Kf6 52.Ke4 Ke6 53.Be3 Be7 54.Bf2 Bf8 55.Bg1 Be7 56.Be3 Bf8 57.Bf4 Bg7
58.Kd3 Kd7 59.Kc2 Bd4 60.Kb3 Kc6 61.Ka4 Bc3 62.Be3 Bg7 63.Ka5 Bc3+ 64.Ka6 Bd4
65.Bf4 Bg7 66.g5 Bd4 67.g6 Kd7 68.Kb5 Ke6 69.Bc7 Kf6 70.Bb6 Kxg6 71.Bxc5 Bb2
72.Be3 Ba3 73.Bd2 Kf7 74.Bb4 Bc1 75.c5 Ke6 76.c6 Bf4 77.Kb6 Kd5 78.Kb7 Be5
79.Bc3 Bf4 80.Ba5 Be5 81.Bc7 Bc3 82.Bg3 Ba5 83.Bf2 Ke5  1-0

[Event "II ROMGAZ Open"]
[Site "Bucharest ROU"]
[Date "2008.09.13"]
[Round "3"]
[White "Grunberg,M"]
[Black "Solcanean,S"]
[Result "1-0"]
[WhiteElo "2400"]
[BlackElo "2162"]

1.Nf3 d5 2.c4 c6 3.d4 Nf6 4.e3 a6 5.Qc2 b5 6.b3 e6 7.Nbd2 Be7 8.Bd3 Bb7 9.Ne5 O-O
10.O-O Qc8 11.f4 Nbd7 12.c5 Re8 13.Ndf3 h6 14.Bd2 a5 15.a3 Qc7 16.Kh1 Nxe5
17.Nxe5 Nd7 18.Bh7+ Kf8 19.Bg6 f5 20.Bxe8 Rxe8 21.g4 Nxe5 22.fxe5 Bc8 23.Rf3 Kg8
24.Rg1 Bg5 25.Be1 Bd8 26.h4 Re7 27.Qg2 Bd7 28.gxf5 exf5 29.Rg3 Be6 30.Bxa5  1-0

[Event "DMP Ekstraliga"]
[Site "Karpacz POL"]
[Date "2008.09.13"]
[Round "8"]
[White "Skalski,M"]
[Black "Jakubowski,K"]
[Result "0-1"]
[WhiteElo "2459"]
[BlackElo "2497"]

1.Nf3 d5 2.c4 e6 3.d4 Nf6 4.Nc3 Nbd7 5.cxd5 exd5 6.Bg5 c6 7.Qc2 Be7 8.e3 O-O
9.Bd3 Re8 10.O-O Nf8 11.Bxf6 Bxf6 12.b4 a6 13.a4 Bg4 14.Nd2 Be7 15.b5 a5
16.bxc6 bxc6 17.Rfc1 Bd6 18.Bf5 Bxf5 19.Qxf5 Rb8 20.Rab1 Rb4 21.Qc2 Ne6 22.Na2 Rxb1
23.Rxb1 c5 24.dxc5 Bxc5 25.Nb3 Bb6 26.Rd1 d4 27.Qc4 h5 28.Nc3 Qg5 29.exd4 Nf4
30.g3 Qg4 31.h4 Rc8 32.Nc5 Bxc5  0-1

[Event "4th ch-EU"]
[Site "Liverpool ENG"]
[Date "2008.09.13"]
[Round "5"]
[White "De Coverly,R"]
[Black "Vaznonis,V"]
[Result "1/2-1/2"]
[WhiteElo "2082"]
[BlackElo "2407"]

1.Nf3 d5 2.c4 c6 3.g3 Nf6 4.Bg2 Bf5 5.O-O e6 6.b3 Be7 7.Bb2 O-O 8.d3 Nbd7
9.Nbd2 a5 10.a3 h6 11.Qc2 Bh7 12.Bc3 a4 13.b4 dxc4 14.Nxc4 Nd5 15.Bb2 c5
16.b5 N7b6 17.Nfd2 Ra7 18.Rab1 Nd7 19.e4 N5f6 20.Ne3 b6 21.Ndc4 Ne8 22.Rfd1 Nc7
23.Ne5 Nxe5 24.Bxe5 Qd7 25.Nc4 Nxb5 26.Qb2 Nd4 27.Bxd4 cxd4 28.Qxb6 Rc8 29.Ne5 Qc7
30.Qxc7 Raxc7 31.Nc4 g5 32.g4 Ra7 33.Rb5 f6 34.Rdb1 Rcc7 35.Bf3 Bg6 36.Rb8+ Kg7
37.R8b6 Bc5 38.R6b2 Bf7 39.Bd1 e5 40.Ra1 Bf8 41.Be2 Be6 42.h3 h5 43.Rb6 Kf7
44.gxh5 Bc5 45.Rb8 Bxh3 46.Kh2 Be6 47.Kg3 Bf8 48.h6 Rc8 49.Rxc8 Bxc8 50.Rb1 Rb7
51.Rxb7+ Bxb7 52.Bh5+ Kg8 53.Be8 Kh7 54.Bxa4 Ba6 55.Bc2 Bxc4 56.dxc4 Bxa3
57.Kg4  1/2-1/2

[Event "Liga Nacional Ajedrez"]
[Site "Villa Martelli ARG"]
[Date "2008.09.13"]
[Round "6"]
[White "Flores,Di"]
[Black "Garcia Palermo,C"]
[Result "1-0"]
[WhiteElo "2553"]
[BlackElo "2456"]

1.Nf3 d5 2.c4 e6 3.d4 Nf6 4.Nc3 Be7 5.Bg5 h6 6.Bh4 O-O 7.e3 b6 8.Rc1 Bb7
9.Bxf6 Bxf6 10.cxd5 exd5 11.Be2 Nc6 12.O-O a6 13.Ne1 Qd6 14.Bf3 Ne7 15.Nd3 c5
16.dxc5 bxc5 17.Qb3 c4 18.Qb4 Qc7 19.Qc5 Qd7 20.Nf4 Rfc8 21.Qa3 d4 22.Bxb7 Qxb7
23.exd4 Bxd4 24.Rc2 Be5 25.Re1 Nc6 26.Nfd5 Re8 27.Rce2 Re6 28.Qa4 Rc8 29.h3 Qb8
30.Kh1 Nd4 31.Rxe5 Rxe5 32.Ne7+ Rxe7 33.Rxe7 Qxb2 34.Re8+ Rxe8 35.Qxe8+ Kh7
36.Qe4+  1-0

[Event "VII Open"]
[Site "Bergamo ITA"]
[Date "2008.09.14"]
[Round "5"]
[White "Ferretti,F"]
[Black "Sumets,A"]
[Result "0-1"]
[WhiteElo "2284"]
[BlackElo "2534"]

1.Nf3 d5 2.c4 dxc4 3.e4 Nf6 4.e5 Nd5 5.Bxc4 Nb6 6.Bb3 Bf5 7.d4 e6 8.Be3 Nc6
9.O-O Be7 10.h3 Nb4 11.Nc3 O-O 12.Qd2 Qd7 13.a3 N4d5 14.Rac1 Nxc3 15.Rxc3 c6
16.Bg5 Bxg5 17.Nxg5 h6 18.Nf3 Rfd8 19.Bc2 Nd5 20.Rc4 Ne7 21.Rd1 Bxc2 22.Rxc2 Qc7
23.b4 Rd5 24.Qe2 Rad8 25.Rcd2 a5 26.Qc4 axb4 27.axb4 Qb6 28.Rb1 Nf5 29.Rbd1 Rb5
30.Rb1 Ne7 31.Ne1 Rxe5 32.dxe5 Rxd2 33.Nd3 Qd8 34.Nc5 b5 35.Qg4 Rd4 36.Qg3 Nd5
37.Ra1 Nxb4 38.Ra7 Qg5 39.Nd7 Rd1+ 40.Kh2 Qxg3+ 41.Kxg3 g5 42.h4 Kg7 43.Nf6 Rd8
44.hxg5 hxg5 45.Kg4 Kg6 46.Ne4 Nd3  0-1

[Event "4th ch-EU"]
[Site "Liverpool ENG"]
[Date "2008.09.14"]
[Round "6"]
[White "Bacrot,E"]
[Black "Rausis,I"]
[Result "1-0"]
[WhiteElo "2691"]
[BlackElo "2486"]

1.Nf3 d5 2.c4 c6 3.e3 Nf6 4.d4 a6 5.Nc3 Bf5 6.Bd3 Bxd3 7.Qxd3 e6 8.O-O Bb4
9.Bd2 O-O 10.Rfd1 a5 11.a3 Be7 12.e4 dxe4 13.Nxe4 Nbd7 14.Nc3 Qb6 15.Bf4 a4
16.h3 Qa6 17.Rac1 Rad8 18.Qf1 h6 19.d5 Bc5 20.dxe6 fxe6 21.Rc2 Rde8 22.Ne5 Nxe5
23.Bxe5 Qa7 24.Rcd2 Re7 25.Kh1 Ref7 26.Qe2 Qa5 27.Bg3 e5 28.Bxe5 Bxf2 29.Bd6 Nh5
30.Qe6 Kh8 31.Bxf8 Ng3+ 32.Kh2 Rxf8 33.Qd6 Rf6 34.Qb8+ Kh7 35.Rxf2  1-0

[Event "4th Pichay Cup"]
[Site "Manila PHI"]
[Date "2008.09.14"]
[Round "1"]
[White "Salubre,J"]
[Black "Laylo,D"]
[Result "0-1"]
[WhiteElo "2322"]
[BlackElo "2504"]

1.Nf3 d5 2.c4 c6 3.b3 Nf6 4.Bb2 a5 5.a3 g6 6.g3 Bg7 7.Bg2 O-O 8.O-O Nbd7
9.Qc2 b6 10.d4 Ba6 11.Nbd2 Rc8 12.Rfc1 c5 13.Qd1 e6 14.e3 Qe7 15.a4 Rfd8
16.Qe1 Ne4 17.Rab1 f5 18.Bf1 Bb7 19.cxd5 exd5 20.Bb5 g5 21.Qe2 Nf8 22.Ba6 g4
23.Bxb7 gxf3 24.Qa6 Rc7 25.Nxe4 fxe4 26.dxc5 Bxb2 27.Rxb2 Rxb7 28.c6 Rc7
29.Qxb6 Qe6 30.Kh1 Rd6 31.Rg1 Rcxc6 32.Qxa5 Qh3  0-1

[Event "I Liga Seniorow"]
[Site "Ustron POL"]
[Date "2008.09.14"]
[Round "9"]
[White "Brodowski,P"]
[Black "Pazdziora,Mi"]
[Result "1/2-1/2"]
[WhiteElo "2424"]
[BlackElo "2236"]

1.Nf3 d5 2.c4 c6 3.b3 Nf6 4.Bb2 Bf5 5.d3 e6 6.g3 Be7 7.Bg2 h6 8.O-O O-O 9.Nbd2 Nbd7
10.Qc2 a5 11.a3 Qb6 12.Rac1 Bh7 13.h3 Qa6 14.Qb1 Rfc8 15.Qa1 b5 16.Ne5 Bf8
17.Bd4 bxc4 18.bxc4 a4 19.f4 Nc5 20.Qc3 Rab8 21.Rb1 Nfd7 22.g4 f6 23.Nef3 Kh8
24.h4 Nb3 25.Nxb3 Rxb3 26.Rxb3 axb3 27.Qxb3 Rb8 28.Qc3 Qxa3 29.Qxa3 Bxa3
30.Ra1 Bd6 31.Ra7 Rd8 32.Be3 dxc4 33.dxc4 Bc5 34.Bxc5 Nxc5 35.g5 hxg5 36.hxg5 Be4
37.Kf2 Rd7 38.Ra5 Nb7 39.Ra8+ Rd8 40.Ra7 Nd6 41.c5 Nb5 42.Re7 Bd5 43.g6 Rc8
44.e3 Nc3 45.Nd4 Nd1+ 46.Ke2 Nxe3 47.Kxe3 Bxg2 48.Nxe6 Bh3 49.Nd4 Bg2 50.f5 Bd5
51.Ne6 Rg8 52.Kf4 Bg2 53.Rd7 Bd5 54.Rxd5 cxd5 55.c6 Ra8 56.Ke3 Ra4 57.Kd3 Rc4
58.c7 Kg8 59.Kd2 Kh8  1/2-1/2

[Event "EYb18"]
[Site "Herceg Novi MNE"]
[Date "2008.09.16"]
[Round "2"]
[White "Swiercz,D"]
[Black "Tereick,B"]
[Result "1-0"]
[WhiteElo "2456"]
[BlackElo "2382"]

1.Nf3 d5 2.c4 c6 3.e3 Nf6 4.Qc2 g6 5.b3 Bg7 6.Bb2 O-O 7.Be2 b6 8.O-O Bb7
9.d4 Nbd7 10.Nc3 Rc8 11.e4 Nxe4 12.Nxe4 dxe4 13.Qxe4 Qc7 14.Rad1 c5 15.Qe3 Rfe8
16.Bc3 Bxf3 17.Bxf3 cxd4 18.Bxd4 Rcd8 19.Rfe1 Bxd4 20.Rxd4 Nf6 21.Rxd8 Rxd8
22.Qxe7 Qxe7 23.Rxe7 a5 24.g3  1-0

[Event "4th ch-EU"]
[Site "Liverpool ENG"]
[Date "2008.09.17"]
[Round "9"]
[White "Daly,C"]
[Black "Williamson,R"]
[Result "1/2-1/2"]
[WhiteElo "2311"]
[BlackElo "2169"]

1.Nf3 d5 2.c4 c6 3.b3 Bf5 4.Bb2 e6 5.g3 Nf6 6.Bg2 h6 7.O-O Be7 8.d3 O-O 9.Nbd2 Nbd7
10.a3 Bh7 11.b4 a5 12.Bc3 axb4 13.axb4 Qc7 14.Qb3 e5 15.Rfc1 e4 16.Ne1 dxc4
17.dxc4 e3 18.fxe3 Ng4 19.Nf1 Bg5 20.Nf3 Bf6 21.Bxf6 Ndxf6 22.Qb2 Rxa1 23.Rxa1 Re8
24.Qd4 Qe7 25.c5 Rd8 26.Qb2 Nd5 27.h3 Ngxe3 28.Qe5 Qxe5 29.Nxe5 Nxg2 30.Kxg2 Re8
31.Kf2 Bf5 32.Nc4 Bxh3 33.Nd6 Rb8 34.Nd2 Be6 35.Rb1 b6 36.b5 bxc5 37.bxc6 Rxb1
38.Nxb1 Kf8 39.e4 Nb6 40.Nc3 Ke7 41.Nb7 g5 42.Nb5 c4 43.Nc3 h5 44.Ke3 h4
45.gxh4 gxh4 46.Kf4 f6 47.c7 Bc8 48.Nd8 Kd6 49.Nf7+ Kxc7 50.e5 fxe5+ 51.Nxe5 Kd6
52.Nf3 Nd5+ 53.Nxd5 Kxd5 54.Nxh4 c3 55.Ke3 Kc4 56.Nf3 Kb3 57.Nd2+ Kb2 58.Nc4+ Kb3
59.Nd2+ Kb4 60.Ne4  1/2-1/2

[Event "II ROMGAZ Open"]
[Site "Bucharest ROU"]
[Date "2008.09.19"]
[Round "9"]
[White "Chatalbashev,B"]
[Black "Bonte,An"]
[Result "0-1"]
[WhiteElo "2596"]
[BlackElo "2301"]

1.Nf3 d5 2.c4 e6 3.d4 Nf6 4.Nc3 Be7 5.Bg5 h6 6.Bh4 O-O 7.e3 b6 8.Be2 Bb7
9.Bxf6 Bxf6 10.cxd5 exd5 11.b4 c5 12.bxc5 bxc5 13.Rb1 Bc6 14.O-O Nd7 15.Bb5 Qc7
16.Qa4 Nb6 17.Qa5 cxd4 18.exd4 Rfc8 19.Ba6 Nc4 20.Qxc7 Rxc7 21.Rfe1 Rd8 22.h3 h5
23.a4 g6 24.Rec1 Kg7 25.g4 hxg4 26.hxg4 g5 27.Kg2 Ba8 28.Ne2 Rd6 29.Ng3 Rxa6
30.Nf5+ Kg6 31.Rh1 Bg7 32.Rb8 Nd6 33.Ne5+ Kf6 34.Nxd6 Rxd6 35.Rh7 Bc6 36.a5 Re7
37.Rg8 Rxe5 38.dxe5+ Kxe5 39.Rgxg7 d4+ 40.f3 d3 41.Rxg5+ Kd4 42.Rh1 Rf6 43.Ra1 d2
44.Rg8 Rd6 45.Rc8 Ke3 46.Kg3 Ba4 47.Rc7 Rd7 48.Rc3+ Ke2 49.Kf4 d1=Q 50.Rxd1 Kxd1
51.Ke5 Kd2 52.Ra3 Bb5 53.f4 Bd3 54.f5 a6 55.g5 Rb7 56.Kf6 Rb5 57.Kxf7 Rxf5+
58.Ke6 Rxg5 59.Kd6 Rb5 60.Kc6 Kc2 61.Ra4 Kb3 62.Ra1 Kb4 63.Rd1 Be4+ 64.Kc7 Bd5
65.Kd6 Bb3 66.Rd4+ Kxa5 67.Kc6 Rb4 68.Rd8 Rc4+ 69.Kb7 Rc5 70.Rd6 Bd5+ 71.Ka7 Bc4
72.Rd1 Rc7+ 73.Kb8 Rh7 74.Kc8 Kb4  0-1

[Event "5th Highlands Open A"]
[Site "Zdar nad Sazavou CZE"]
[Date "2008.09.22"]
[Round "3"]
[White "Freisler,P"]
[Black "Vecera,Pa"]
[Result "0-1"]
[WhiteElo "2308"]
[BlackElo "2145"]

1.Nf3 d5 2.c4 e6 3.g3 Nf6 4.Bg2 c5 5.cxd5 exd5 6.d4 Nc6 7.Nc3 Be7 8.O-O O-O
9.Bg5 c4 10.Ne5 Be6 11.Nxc6 bxc6 12.b3 Qa5 13.Qc2 Rfd8 14.Rfd1 h6 15.Bxf6 Bxf6
16.e3 Rac8 17.bxc4 dxc4 18.Ne4 Be7 19.Rab1 Bb4 20.Bf1 c3 21.Rdc1 Bf5 22.Bd3 c5
23.Nf6+ gxf6 24.Bxf5 Rc7 25.Qe4 cxd4 26.Qg4+ Kh8 27.Rxb4 Qxb4 28.Qf4 Qa5
29.Qxh6+ Kg8 30.Bh7+ Kh8 31.Bf5+ Kg8 32.Bh7+ Kh8 33.Be4+ Kg8 34.Qxf6 Rcd7
35.exd4 Rd6 36.Qh4 Rxd4 37.Re1 c2 38.Qh7+ Kf8 39.Qh6+ Ke7 40.Re2 c1=Q+ 41.Qxc1 Rd1+  0-1

[Event "Spice Cup Open Grand-Prix"]
[Site "Lubbock USA"]
[Date "2008.09.28"]
[Round "4"]
[White "Stopa,Ja"]
[Black "Ramirez,Alej"]
[Result "0-1"]
[WhiteElo "2440"]
[BlackElo "2531"]

1.Nf3 d5 2.c4 c6 3.e3 Nf6 4.d4 Bg4 5.Qb3 Qb6 6.Ne5 Bf5 7.Nc3 e6 8.c5 Qc7
9.Bd2 Nbd7 10.Nxd7 Nxd7 11.Be2 Be7 12.O-O h6 13.Qd1 e5 14.Bg4 Bh7 15.b4 Bf6
16.Ne2 O-O 17.Bxd7 Qxd7 18.dxe5 Bxe5 19.Bc3 Bc7 20.Nd4 Rae8 21.a4 b6 22.cxb6 axb6
23.Qd2 Be4 24.f3 Bg6 25.Bb2 c5 26.Nb5 Be5 27.bxc5 bxc5 28.Rfc1 Bxb2 29.Qxb2 Rxe3
30.Rxc5 Qe7 31.Qc1 Re8 32.Rc8 Rxc8 33.Qxc8+ Kh7 34.h3 Qe5 35.Rd1 d4 36.Qc1 d3
37.Qa1 Qg3 38.Nd4 d2 39.Rxd2  0-1

[Event "ch-Commonwealth"]
[Site "Nagpur IND"]
[Date "2008.09.28"]
[Round "1"]
[White "Kashyap,R"]
[Black "Shyam,SM"]
[Result "0-1"]
[WhiteElo "1812"]
[BlackElo "2312"]

1.Nf3 d5 2.c4 e6 3.b3 c5 4.d3 Qf6 5.d4 dxc4 6.Bg5 Qg6 7.dxc5 Nc6 8.b4 f6
9.Bd2 e5 10.g3 a5 11.Qa4 Bd7 12.b5 Nd8 13.Qxc4 Rc8 14.Be3 Bxc5 15.Bxc5 Ne6
16.Nh4 Qh5 17.a4 Rxc5 18.Qd3 Nd4 19.Na3 Ne7 20.Bg2 Nd5 21.Bxd5 Rxd5 22.Qe4 f5
23.Qd3 O-O 24.Rc1 Re8 25.e4 Rd6 26.Nc4 Rf6 27.O-O Qe2 28.Nxe5 Qxd3 29.Nxd3 Ne2+
30.Kg2 Nxc1 31.Rxc1 fxe4 32.Nc5 Rc8 33.Nxd7 Rxc1 34.Nxf6+ gxf6 35.Nf5 Ra1
36.Nd6 b6 37.Nxe4 Rxa4 38.Nxf6+ Kf7 39.Nd5 Rb4 40.Nxb6 a4 41.Nxa4 Rxa4 42.b6 Rb4
43.b7 Rxb7  0-1

[Event "17th CRO-chT 1a"]
[Site "Sibenik CRO"]
[Date "2008.09.28"]
[Round "2"]
[White "Muse,M"]
[Black "Dizdar,G"]
[Result "1/2-1/2"]
[WhiteElo "2444"]
[BlackElo "2551"]

1.Nf3 d5 2.c4 e6 3.d4 Nf6 4.Nc3 Bb4 5.Bg5 h6 6.Bxf6 Qxf6 7.e3 O-O 8.Rc1 dxc4
9.Bxc4 c5 10.O-O cxd4 11.Nxd4 Bd7 12.Qb3 Nc6 13.Nxc6 Bxc3 14.Qxb7 Bxc6 15.Qxc6 Bxb2  1/2-1/2

[Event "Tatry Open"]
[Site "Tatranske Zruby SVK"]
[Date "2008.09.29"]
[Round "3"]
[White "Rachela,M"]
[Black "Beran,P"]
[Result "1-0"]
[WhiteElo "2338"]
[BlackElo "2162"]

1.Nf3 d5 2.c4 Nf6 3.cxd5 Nxd5 4.d4 g6 5.h3 Bg7 6.e4 Nf6 7.Nc3 O-O 8.Bg5 c5
9.d5 h6 10.Be3 Qa5 11.Qd2 Kh7 12.Bd3 a6 13.Rc1 Nbd7 14.O-O Ne8 15.b3 b5 16.a4 b4
17.Nd1 Bb7 18.Nb2 Rc8 19.Nc4 Qd8 20.Bf4 Nb6 21.Na5 Bxd5 22.exd5 Nxd5 23.Nb7 Qb6
24.Bxa6 Nxf4 25.Qxf4 Qxa6 26.Nxc5 e5 27.Nxa6  1-0

[Event "IX GM"]
[Site "Banja Luka BIH"]
[Date "2008.09.30"]
[Round "2"]
[White "Savanovic,A"]
[Black "Volkov,Sergey1"]
[Result "1/2-1/2"]
[WhiteElo "2417"]
[BlackElo "2636"]

1.Nf3 d5 2.c4 c6 3.b3 Bf5 4.g3 e6 5.Bb2 Nf6 6.Bg2 Be7 7.O-O O-O 8.d3 h6 9.Nbd2 a5
10.a3 Qb6 11.Qc2 Nbd7 12.Bc3 Rfc8 13.Qb2 Qd8 14.Ne5 Nxe5 15.Bxe5 Qf8 16.Bc3 b5
17.cxb5 cxb5 18.b4 axb4 19.Bxb4 Bg4 20.Bf3 Bh3 21.Bg2 Bxg2 22.Kxg2 Ra4 23.Bxe7 Qxe7
24.Qxb5 Rxa3 25.Rxa3 Qxa3 26.Qb3 Qc5 27.Nf3 d4 28.Rb1 Nd5 29.Qb5 Qf8 30.Re1 Rb8
31.Qa5 Qb4 32.Qa7 Rb6 33.Rc1 Nc3 34.Nxd4 Rb7 35.Qa8+ Rb8 36.Qc6 Qxd4 37.Rxc3 Qe5
38.Qc7 Qd5+ 39.e4 Qb5 40.Ra3 Rf8 41.h4 Qb2 42.Qc3 Qb7 43.Rb3 Qd7 44.Rb4 Rd8
45.d4 Qa7 46.d5 exd5 47.Rd4 Qe7 48.Qd3 h5 49.Rxd5 Re8 50.e5 g6 51.Qd4 Qb7
52.Kh2 Qe7 53.Qc5 Qxc5 54.Rxc5 Ra8 55.Kg2 Ra3 56.Rd5 Kf8 57.Rd7 Ra5 58.f4 Ra3
59.Kf2 Rb3 60.Rd6 Kg7 61.Rd2 Kf8 62.Rd7 Ra3 63.Rd6 Kg7 64.e6 fxe6 65.Rxe6 Rb3
66.Re3 Rb1 67.Kf3 Rf1+ 68.Ke4 Kf6 69.Rd3 Re1+ 70.Kf3 Rf1+ 71.Kg2 Ra1 72.Rd6+ Kg7
73.Rd5 Kf6 74.Rg5 Ra2+ 75.Kh3 Rf2  1/2-1/2

[Event "17th CRO-chT 1a"]
[Site "Sibenik CRO"]
[Date "2008.09.30"]
[Round "4"]
[White "Mohr,G"]
[Black "Leventic,I"]
[Result "1/2-1/2"]
[WhiteElo "2494"]
[BlackElo "2512"]

1.Nf3 d5 2.c4 c6 3.e3 Nf6 4.d4 Bf5 5.Nc3 e6 6.Nh4 Be4 7.f3 Bg6 8.Nxg6 hxg6
9.g3 Nbd7 10.Kf2 Bd6 11.Kg2 O-O 12.Bd2 e5 13.cxd5 exd4 14.exd4  1/2-1/2

[Event "ch-Commonwealth"]
[Site "Nagpur IND"]
[Date "2008.10.01"]
[Round "5"]
[White "Pradeep,KR"]
[Black "Ghosh,D"]
[Result "1/2-1/2"]
[WhiteElo "2250"]
[BlackElo "2028"]

1.Nf3 d5 2.c4 e6 3.g3 Nf6 4.Bg2 Be7 5.O-O O-O 6.d4 c6 7.Qc2 b6 8.Nbd2 Bb7
9.e4 Nbd7 10.b3 Rc8 11.Bb2 c5 12.exd5 exd5 13.Qf5 Qc7 14.Rfe1 Rfe8 15.Rac1 Bf8
16.Ne5 cxd4 17.Nxd7 Qxd7 18.Qxd7 Nxd7 19.Bxd4 Nc5 20.Rxe8 Rxe8 21.cxd5 Rd8
22.Bxc5 Bxc5 23.Nc4 Kf8 24.Rd1 Ba6 25.Ne5 Be7 26.Re1 Bb5 27.a4 Be8 28.Nd3 Bd6
29.Rc1 Bd7 30.f4 f6 31.Be4 Re8 32.Re1 g6 33.Kf2 Kf7 34.Bf3 Rc8 35.Rc1 Re8
36.g4 Re7 37.Re1 Rxe1 38.Kxe1 b5 39.a5 b4 40.Be2 Bb5 41.Nb2 Bd7 42.Nd3 Bb5
43.Nc1 Bd7 44.Na2 Ke7 45.Kf2 Bxf4 46.Nxb4 Bd2 47.Nc6+ Bxc6 48.dxc6 Bxa5 49.Ke3 Kd6
50.Bf3 Bb6+ 51.Kd3 Kc5 52.h4 f5 53.gxf5 gxf5 54.h5 h6 55.Ke3 Bc7 56.Kd3 Be5
57.Bg2 Bc7 58.Bf3 Be5 59.Bg2 a5 60.Bf3 Bc7 61.Bg2  1/2-1/2

[Event "58th TCh w 1st Div"]
[Site "Borovets BUL"]
[Date "2008.10.02"]
[Round "2"]
[White "Collas,S"]
[Black "Bulmaga,I"]
[Result "1/2-1/2"]
[WhiteElo "2352"]
[BlackElo "2287"]

1.Nf3 d5 2.c4 dxc4 3.Qa4+ Nd7 4.g3 Nf6 5.Bg2 e6 6.O-O Be7 7.Qxc4 O-O 8.Qc2 c5
9.b3 Rb8 10.Bb2 b5 11.d3 Bb7 12.Nbd2 Qb6 13.Rac1 Rfd8 14.Qb1 Rbc8 15.Qa1 h6
16.Rc2 a6 17.Rfc1 Qa7 18.a3 Qa8 19.Bh3 Bf8 20.Ne5 Nxe5 21.Bxe5 Nd7 22.Bc3 Re8
23.a4 Qb8 24.Bf1 Qd6 25.e4 e5 26.Bb2 Be7 27.Nf3 Bf6 28.Ba3 b4 29.Bb2 a5 30.Re1 Qe6
31.Qa2 Nb6 32.Bc1 Rc7 33.Be3 Rec8 34.Rec1 Nd7 35.Nd2 Ba6 36.Nc4 Bxc4 37.Rxc4 Be7
38.f3 Nb6 39.R4c2 Rc6 40.Bf2 R8c7 41.Qb2 Nd7 42.Rb1 Nf8 43.Rc4 Qd6 44.f4 exf4
45.e5 Qg6 46.Rxf4 Ne6 47.Rc4 Ng5 48.Qe2  1/2-1/2

[Event "ch-Commonwealth"]
[Site "Nagpur IND"]
[Date "2008.10.02"]
[Round "6"]
[White "Sundararajan,K"]
[Black "Das,Debas"]
[Result "1-0"]
[WhiteElo "2446"]
[BlackElo "2118"]

1.Nf3 d5 2.c4 c6 3.e3 Nf6 4.Nc3 e6 5.b3 Nbd7 6.Qc2 Bd6 7.Bb2 O-O 8.Be2 b6
9.cxd5 exd5 10.Nd4 Bb7 11.Nf5 Bc7 12.O-O Re8 13.f4 Nc5 14.Rf3 Ne6 15.Rg3 Kh8
16.Bd3 a6 17.Ne2 c5 18.Rf1 Rc8 19.Qb1 b5 20.b4 Bb6 21.Bxf6 Qxf6 22.Nd6 Bc6
23.Bxh7 Rcd8 24.Nxe8 Rxe8 25.Rh3 cxb4 26.Qxb4 Nf8 27.Bd3+ Kg8 28.f5 Nd7 29.Qg4 Ne5
30.Qh5 Kf8 31.Nf4 d4 32.Ng6+  1-0

[Event "TCh-AUT 2nd Bundesliga Ost 2008-9"]
[Site "Austria AUT"]
[Date "2008.10.03"]
[Round "1"]
[White "Rumpl,E"]
[Black "Vass,F"]
[Result "1-0"]
[WhiteElo "2310"]
[BlackElo "2402"]

1.Nf3 d5 2.c4 e6 3.g3 Nf6 4.Bg2 Nbd7 5.O-O dxc4 6.Qa4 Bd6 7.Qxc4 Nb6 8.Qc2 e5
9.b3 O-O 10.Bb2 Re8 11.d3 c6 12.Nbd2 Bf5 13.Ng5 Nfd5 14.Nge4 Bf8 15.a3 Bg6
16.Nc4 f5 17.Ned2 Nd7 18.Nf3 Qc7 19.Nh4 N7f6 20.e4 fxe4 21.dxe4 Nb6 22.Nxg6 hxg6
23.Rad1 g5 24.Rd2 g4 25.Rfd1 Nxc4 26.Qxc4+ Qf7 27.Qxf7+ Kxf7 28.h3 gxh3 29.Bxh3 Nxe4
30.Rd7+ Re7 31.Bxe5 Re8 32.b4 Rxd7 33.Rxd7+ Re7 34.Rxe7+ Bxe7 35.Bc8 Nd2
36.Bb8 Nc4 37.Bxb7 Nxa3 38.Bxc6 Bxb4 39.Bxa7 Bc3 40.Kg2 Ke6 41.Ba4 Kf6 42.Bb6 Nc4
43.Bc5 Ne5 44.Bb5 Nf7 45.Be3 Bb2 46.Bc4 Ne5 47.Be2 Nf7 48.Kf3 Nd6 49.Bd3 Ba1
50.Kg4 Nf7 51.f4 Bb2 52.Kh5 Nd6 53.g4 Kf7 54.Bc2 Bc3 55.Bb3+ Ke7 56.Kg6 Bf6
57.Bc5 Bb2 58.Bd5 Bc3 59.Kh7 Bb2 60.Kg8 Bc3 61.f5 Be5 62.g5 Kd7 63.Be6+ Ke7
64.Bb4 Bd4 65.Kh7 Be5 66.Kg6 Bd4 67.Bd5 Bb2 68.Bc6 Bd4 69.Bd5 Bb2 70.Be1 Bd4
71.Bh4 Ne8 72.Bc6 Bb2 73.Bxe8 Kxe8 74.Kh7 Kf8 75.g6 Bc1 76.f6 Bh6 77.fxg7+ Bxg7
78.Be7+  1-0

[Event "ch-Commonwealth"]
[Site "Nagpur IND"]
[Date "2008.10.03"]
[Round "7"]
[White "Simantini,H"]
[Black "Eswar,R"]
[Result "0-1"]
[WhiteElo "1588"]
[BlackElo "2021"]

1.Nf3 d5 2.c4 c6 3.g3 Nf6 4.b3 Bg4 5.Bg2 e6 6.Bb2 Nbd7 7.O-O Bd6 8.d4 O-O
9.Nbd2 Qe7 10.Ne5 Bh5 11.f4 c5 12.Qe1 cxd4 13.Bxd4 Bc5 14.e3 Qd6 15.h3 Bxd4
16.exd4 dxc4 17.Ndxc4 Qxd4+ 18.Kh2 Nxe5 19.fxe5 Nd5 20.g4 Bg6 21.Rd1 Qc5
22.Rf2 b5 23.Bxd5 exd5 24.Nd6 d4 25.Rfd2 d3 26.Nf5 Rae8 27.Rxd3 Bxf5 28.gxf5 Rxe5
29.Rc1 Qe7 30.Qf1 Re2+ 31.Kg1 Qe5 32.Qf3 Re8 33.Rdd1 h6 34.Rd5 Qh2+ 35.Kf1 R2e3
36.Qg2 Re1+ 37.Rxe1 Rxe1+ 38.Kf2 Re2+  0-1

[Event "ch-Commonwealth"]
[Site "Nagpur IND"]
[Date "2008.10.03"]
[Round "7"]
[White "Devesh,M"]
[Black "Hasan,Me"]
[Result "1-0"]
[WhiteElo "2004"]
[BlackElo "2264"]

1.Nf3 d5 2.c4 dxc4 3.e3 Nf6 4.Bxc4 e6 5.d4 a6 6.O-O b5 7.Bb3 Bb7 8.Qe2 c5
9.Nc3 Nbd7 10.Rd1 Qb8 11.d5 c4 12.dxe6 fxe6 13.Bc2 Bd6 14.Ng5 Nc5 15.g4 O-O
16.b4 Ncd7 17.a3 h6 18.Nge4 Bc7 19.Bb2 e5 20.f3 Bc6 21.a4 Qb6 22.Kh1 Nxe4
23.Nxe4 Rf5 24.axb5 Bxb5 25.Nc3 Raf8 26.Nxb5 Qxb5 27.Ba4 Qb6 28.Bxd7 R5f7
29.Ba4  1-0

[Event "ch-Commonwealth"]
[Site "Nagpur IND"]
[Date "2008.10.03"]
[Round "8"]
[White "Navalgund,N"]
[Black "Rathore,So"]
[Result "1-0"]
[WhiteElo "2091"]
[BlackElo "1838"]

1.Nf3 d5 2.c4 dxc4 3.e3 Nf6 4.Bxc4 e6 5.O-O Be7 6.Nc3 O-O 7.d4 Nbd7 8.Qe2 a6
9.a4 Nb6 10.Bb3 c5 11.Rd1 Qc7 12.e4 cxd4 13.Nxd4 Bd7 14.a5 Nc8 15.e5 Ne8
16.Bc2 f6 17.exf6 Nxf6 18.Nxe6 Bxe6 19.Qxe6+ Kh8 20.Be3 Bd6 21.h3 Qc6 22.Kh1 Rd8
23.Qf5 Bb8 24.Ba4 Qc7 25.Bf4 Qxf4 26.Qxf4 Bxf4 27.Be8 Nxe8 28.Rxd8 Nb6 29.Rad1 Bc7
30.Rxa8 Nxa8 31.Re1 Nf6 32.Nd5 Bxa5 33.b4 Nc7 34.Nxf6 Bxb4 35.Rc1 gxf6 36.Rxc7 b6
37.Rc6 Bc5 38.Rxf6 a5 39.Rf4 Bd6 40.Rg4 Bb4 41.Kg1 Bc5 42.Kf1 h6 43.Rf4 Kg7
44.Ke2 Bd6 45.Ra4 Bb4 46.Rxb4 axb4 47.Kd3 b5 48.Kc2  1-0

[Event "ch-Commonwealth"]
[Site "Nagpur IND"]
[Date "2008.10.03"]
[Round "8"]
[White "Pradeep,KR"]
[Black "Lodhi,M"]
[Result "1-0"]
[WhiteElo "2250"]
[BlackElo "2379"]

1.Nf3 d5 2.c4 d4 3.d3 c5 4.b4 cxb4 5.a3 bxa3 6.Bxa3 g6 7.g3 Bg7 8.Bg2 Nc6
9.O-O Nf6 10.Nbd2 O-O 11.Qb3 h6 12.Rfb1 Qc7 13.Ne1 Re8 14.Nc2 e5 15.Ne4 Nxe4
16.Bxe4 f5 17.Bd5+ Kh7 18.Qb5 e4 19.Bc5 exd3 20.exd3 Re2 21.Rb2 h5 22.Re1 Qe5
23.Rbb1 Be6 24.f4 Bxd5 25.fxe5 Rg2+ 26.Kf1 Bf3 27.Nxd4 Nxd4 28.Bxd4 Rd8 29.Rb2 Rxb2
30.Qxb2 Bc6 31.Qc3  1-0

[Event "FSGM October"]
[Site "Budapest HUN"]
[Date "2008.10.04"]
[Round "1"]
[White "Paschall,W"]
[Black "Pitl,G"]
[Result "1/2-1/2"]
[WhiteElo "2351"]
[BlackElo "2405"]

1.Nf3 d5 2.c4 d4 3.g3 Nc6 4.Bg2 e5 5.O-O Nf6 6.d3 Be7 7.b4 Nd7 8.a3 O-O 9.Bb2 Bf6
10.Nbd2 g6 11.Qc2 Bg7  1/2-1/2

[Event "TCh-AUT 2nd Bundesliga Ost 2008-9"]
[Site "Austria AUT"]
[Date "2008.10.05"]
[Round "3"]
[White "Sommerbauer,N"]
[Black "Farago,I"]
[Result "1/2-1/2"]
[WhiteElo "2471"]
[BlackElo "2489"]

1.Nf3 d5 2.c4 d4 3.g3 c5 4.Bg2 Nc6 5.O-O e5 6.d3 Nf6 7.e3 Be7 8.exd4 exd4
9.Re1 O-O 10.Bf4 Bd6 11.Ne5 Nxe5 12.Bxe5 Bxe5 13.Rxe5  1/2-1/2

[Event "1st WMSG Rapid Ind w"]
[Site "Beijing CHN"]
[Date "2008.10.05"]
[Round "1"]
[White "Gomes,Mary"]
[Black "Peng Zhaoqin"]
[Result "0-1"]
[WhiteElo "2298"]
[BlackElo "2455"]

1.Nf3 d5 2.c4 d4 3.g3 Nc6 4.d3 e5 5.Bg2 Nf6 6.O-O a5 7.e3 Be7 8.exd4 exd4
9.Na3 Nd7 10.Nb5 Nc5 11.Re1 O-O 12.Bf4 Ne6 13.Qd2 Bb4 14.Qc1 Bxe1 15.Nxe1 Nb4
16.h4 h6 17.h5 Re8 18.a3 Na6 19.b4 Qf6 20.Nc2 Rb8 21.bxa5 Bd7 22.Nb4 Nxf4
23.Qxf4 Qxf4 24.gxf4 c6 25.Nxa6 bxa6 26.Nc7 Re7 27.Nxa6 Ra8 28.Nc5 Rxa5 29.Nxd7 Rxd7
30.Bxc6 Rd6 31.Bb5 Kf8 32.a4 Ke7 33.c5 Rd5 34.Re1+ Kf6 35.c6 Ra7 36.Re4 g6
37.hxg6 fxg6 38.Kg2 h5 39.Kg3 Rg7 40.Re8 g5 41.fxg5+ Rdxg5+ 42.Kf3 Rf5+ 43.Ke2 Re5+
44.Rxe5 Kxe5 45.a5 Kd6 46.a6 Kc5 47.Bc4 Kxc6 48.f4 Kd6 49.Kf3 h4 50.Ke4 h3
51.Kxd4 Ra7 52.Bd5 Rxa6 53.Bf3 h2 54.f5 Ra1 55.Ke3 Ke5  0-1